Metodologie a organizace tvorby střednědobých a ročních národohospodářských plánů na SPK závěrečná výzkumná zpráva za léta 1976-1980

Uložené v:
Podrobná bibliografia
Médium: Kniha
Jazyk:Czech
Vydavateľské údaje: Praha Výzkumný ústav plánování a řízení národního hospodářství 1980
Edícia:Výzkumná práce č. 88
Tagy: Pridať tag
Žiadne tagy, Buďte prvý, kto otaguje tento záznam!

MARC

LEADER 00000nam a2200000 4500
001 c142256
005 20181203150525.3
041 0 |a cze 
044 |a CZ 
245 1 0 |a Metodologie a organizace tvorby střednědobých a ročních národohospodářských plánů na SPK  |b závěrečná výzkumná zpráva za léta 1976-1980 
264 1 |a Praha  |b Výzkumný ústav plánování a řízení národního hospodářství  |c 1980 
300 |a 63 s. 
490 1 |a Výzkumná práce  |v č. 88 
830 0 |a Výzkumná práce  |v č. 88